| 000 | 00491nam a2200205Ia 4500 | ||
|---|---|---|---|
| 005 | 20240823052813.0 | ||
| 008 | 240823s9999||||xx |||||||||||||| ||und|| | ||
| 020 | _a978-0-7618-5813-3 | ||
| 041 | _aENGLISH | ||
| 082 | _A378.771 Q2 | ||
| 100 | _aTerence Hicks | ||
| 245 | 0 | _aResearch Studies in Higher Education | |
| 250 | _a1st | ||
| 260 |
_c2012 _b"University Press," |
||
| 500 | _aYES | ||
| 650 |
_aEducation _bGeneral |
||
| 700 | _a Abul Pitre | ||
| 942 | _cBK | ||
| 999 |
_c222723 _d222723 |
||